[Event "España tch 1a Division Sur"]
[Site "Burguillos ESP"]
[Date "2007.08.22"]
[Round "1.11"]
[White "Avrukh, Boris"]
[Black "Garcia Luque, Agustin"]
[Result "0-1"]
[WhiteElo "2645"]
[BlackElo "2372"]
[PlyCount "100"]
[EventDate "2007.08.22"]
[EventType "team"]
[EventRounds "1"]
[EventCountry "ESP"]
[EventCategory "1"]
[Source "lmi"]
[SourceDate "2007.08.22"]

1. d4 Nf6 2. c4 g6 3. Nc3 Bg7 4. e4 d6 5. h3 O-O 6. Bg5 c6 7. Bd3 e5 8. d5 h6
9. Be3 b5 10. cxb5 cxd5 11. exd5 Bb7 12. Bc4 Nbd7 13. Nge2 Nb6 14. Bb3 Nfd7 15.
a4 a5 16. O-O f5 17. f4 Rc8 18. Rc1 Nc5 19. Ba2 Re8 20. Kh1 exf4 21. Bxc5 Rxc5
22. Nxf4 Qg5 23. Rc2 Nc4 24. Bxc4 Rxc4 25. Ne6 Rxe6 26. dxe6 Qg3 27. e7 Qxh3+
28. Kg1 Qe3+ 29. Rff2 Qxe7 30. Ne2 Rg4 31. Nf4 Be5 32. Rc4 Kh7 33. b6 d5 34.
Nxd5 Qh4 35. Rxg4 Qh2+ 36. Kf1 Ba6+ 37. Re2 Qh1+ 38. Kf2 Qxd1 39. Rxe5 fxg4 40.
Re7+ Kg8 41. Rd7 Qd4+ 42. Kg3 Qxb2 43. Kf4 Kf8 44. Ke4 Ke8 45. Rh7 Qxg2+ 46.
Ke5 Qh2+ 47. Kd4 Qd6 48. b7 Bxb7 49. Rxb7 g3 50. Rb2 h5 0-1

[Event "España tch 1a Division Sur"]
[Site "Burguillos ESP"]
[Date "2007.08.22"]
[Round "1.12"]
[White "Moreno Portillo, Rafael"]
[Black "Romero Holmes, Alfonso"]
[Result "0-1"]
[WhiteElo "2214"]
[BlackElo "2519"]
[PlyCount "32"]
[EventDate "2007.08.22"]
[EventType "team"]
[EventRounds "1"]
[EventCountry "ESP"]
[EventCategory "1"]
[Source "lmi"]
[SourceDate "2007.08.22"]

1. d4 e6 2. Nc3 d5 3. Bf4 Nf6 4. e3 Bb4 5. Qd3 c5 6. dxc5 Nc6 7. O-O-O Qa5 8.
Nb5 e5 9. Nd6+ Ke7 10. Bg5 Qxa2 11. c3 Bxc5 12. Nxc8+ Raxc8 13. Qxd5 Qa1+ 14.
Kc2 Nb4+ 15. cxb4 Bd4+ 16. Kb3 Qxd1+ 0-1

[Event "España tch 1a Division Sur"]
[Site "Burguillos ESP"]
[Date "2007.08.22"]
[Round "1.14"]
[White "Caraballo Campos, Francisco"]
[Black "Varas Gonzalez, Carlos"]
[Result "0-1"]
[WhiteElo "2213"]
[BlackElo "2232"]
[PlyCount "72"]
[EventDate "2007.08.22"]
[EventType "team"]
[EventRounds "1"]
[EventCountry "ESP"]
[EventCategory "1"]
[Source "lmi"]
[SourceDate "2007.08.22"]

1. e4 c5 2. c4 Nc6 3. Nf3 e6 4. Nc3 Nf6 5. Be2 d5 6. d3 d4 7. Nb1 h6 8. h3 Bd6
9. Bd2 e5 10. Nh2 Be6 11. Na3 a6 12. Rb1 Bc7 13. O-O Ba5 14. Nc2 Bxd2 15. Qxd2
b5 16. b3 O-O 17. f4 exf4 18. Rxf4 bxc4 19. bxc4 Rb8 20. Rff1 Nd7 21. Na1 Qc7
22. Nb3 a5 23. Rbe1 a4 24. Nc1 Qa5 25. Qf4 Nde5 26. Bg4 Qc3 27. Bxe6 fxe6 28.
Qg3 Rxf1+ 29. Rxf1 Rb2 30. Ng4 Qd2 31. Nf6+ Kh8 32. Nh5 Qe3+ 33. Qxe3 dxe3 34.
Re1 Nd4 35. Kf1 Rf2+ 36. Kg1 Nef3+ 0-1

[Event "España tch 1a Division Sur"]
[Site "Burguillos ESP"]
[Date "2007.08.22"]
[Round "1.21"]
[White "Toledano Llinares, Juan Antonio"]
[Black "Galego, Luis"]
[Result "0-1"]
[WhiteElo "2340"]
[BlackElo "2524"]
[PlyCount "60"]
[EventDate "2007.08.22"]
[EventType "team"]
[EventRounds "1"]
[EventCountry "ESP"]
[EventCategory "1"]
[Source "lmi"]
[SourceDate "2007.08.22"]

1. e4 c5 2. Nc3 e6 3. f4 d5 4. Nf3 Nc6 5. Bb5 d4 6. Ne2 Nge7 7. O-O a6 8. Bxc6+
Nxc6 9. d3 Be7 10. Ne5 Qc7 11. Ng3 g6 12. Nxc6 Qxc6 13. f5 b6 14. Bh6 Rg8 15.
f6 Bd6 16. Qf3 e5 17. b3 Be6 18. Rf2 b5 19. a4 Kd7 20. Nf1 c4 21. bxc4 bxc4 22.
Nd2 c3 23. Nf1 Rgb8 24. Bc1 a5 25. h3 Rb4 26. Ng3 Rab8 27. Rf1 Rxa4 28. Bg5
Rxa1 29. Rxa1 a4 30. Qd1 a3 0-1

[Event "España tch 1a Division Sur"]
[Site "Burguillos ESP"]
[Date "2007.08.22"]
[Round "1.23"]
[White "Sanchez Saez, Francisco"]
[Black "Glud, Jakob Vang"]
[Result "0-1"]
[WhiteElo "2186"]
[BlackElo "2424"]
[PlyCount "70"]
[EventDate "2007.08.22"]
[EventType "team"]
[EventRounds "1"]
[EventCountry "ESP"]
[EventCategory "1"]
[Source "lmi"]
[SourceDate "2007.08.22"]

1. e4 c5 2. Nf3 e6 3. d4 cxd4 4. Nxd4 a6 5. Bd3 Bc5 6. Nb3 Be7 7. O-O d6 8. Nc3
Nd7 9. Be3 b6 10. a4 Bb7 11. a5 b5 12. f4 Ngf6 13. Qe2 Qc7 14. Bf2 O-O 15. Bg3
g6 16. f5 e5 17. fxg6 fxg6 18. Rad1 Nh5 19. Nd5 Bxd5 20. exd5 Nxg3 21. hxg3 Nf6
22. Kh1 Rf7 23. Rf3 Raf8 24. Rdf1 Bd8 25. Be4 Qe7 26. Qd3 Kg7 27. Qe2 Qd7 28.
c3 Qg4 29. Bc2 e4 30. Re3 Qxe2 31. Rxe2 Ng4 32. Rxf7+ Rxf7 33. Kg1 Bg5 34. Re1
Be3+ 35. Kh1 Rf5 0-1

[Event "España tch 1a Division Sur"]
[Site "Burguillos ESP"]
[Date "2007.08.22"]
[Round "1.24"]
[White "Mascaro March, Pedro"]
[Black "Reig Albero, Ferran"]
[Result "1/2-1/2"]
[WhiteElo "2390"]
[BlackElo "2170"]
[PlyCount "98"]
[EventDate "2007.08.22"]
[EventType "team"]
[EventRounds "1"]
[EventCountry "ESP"]
[EventCategory "1"]
[Source "lmi"]
[SourceDate "2007.08.22"]

1. d4 Nf6 2. c4 e6 3. Nf3 d5 4. Nc3 Bb4 5. Bg5 Nbd7 6. e3 c5 7. cxd5 exd5 8.
Be2 Qa5 9. O-O c4 10. Qc2 O-O 11. Nd2 Re8 12. a3 Bxc3 13. Qxc3 Qxc3 14. bxc3 h6
15. Bxf6 Nxf6 16. Rfb1 Rb8 17. Rb4 Bd7 18. Nf1 b5 19. f3 Rb6 20. g4 Reb8 21.
Rab1 h5 22. h3 hxg4 23. hxg4 g5 24. Bd1 Kg7 25. R4b2 a5 26. Kf2 Ne8 27. Ng3 Rh6
28. f4 Rh2+ 29. Kg1 Rxb2 30. Rxb2 Nf6 31. fxg5 Nxg4 32. Nh5+ Kg6 33. Bxg4 Bxg4
34. Nf4+ Kxg5 35. Nxd5 Kf5 36. Rf2+ Bf3 37. Rxf3+ Ke4 38. Rxf7 Kxd5 39. Kf2 b4
40. axb4 axb4 41. cxb4 Rxb4 42. Kf3 c3 43. Rf5+ Kc4 44. Ke4 Rb2 45. Rc5+ Kb3
46. d5 Rd2 47. Rb5+ Kc4 48. Rb8 Rxd5 49. Rc8+ Rc5 1/2-1/2

[Event "España tch 1a Division Sur"]
[Site "Burguillos ESP"]
[Date "2007.08.22"]
[Round "1.31"]
[White "Mirzoev, Azer"]
[Black "Remoli Sargues, Francisco"]
[Result "1-0"]
[WhiteElo "2551"]
[BlackElo "2267"]
[PlyCount "69"]
[EventDate "2007.08.22"]
[EventType "team"]
[EventRounds "1"]
[EventCountry "ESP"]
[EventCategory "1"]
[Source "lmi"]
[SourceDate "2007.08.22"]

1. d4 Nf6 2. c4 e6 3. Nc3 Bb4 4. e3 O-O 5. Nge2 d5 6. a3 Be7 7. cxd5 exd5 8. g3
c6 9. Bg2 Bf5 10. h3 Re8 11. g4 Bg6 12. O-O Ne4 13. Nf4 Nxc3 14. bxc3 Nd7 15.
Nxg6 hxg6 16. f3 Nb6 17. e4 Nc4 18. e5 g5 19. h4 gxh4 20. f4 f6 21. g5 fxg5 22.
f5 Nxe5 23. dxe5 Bc5+ 24. Kh1 Rxe5 25. Qg4 Be7 26. c4 Bf6 27. Rb1 Qe7 28. cxd5
Re1 29. dxc6 bxc6 30. Bd2 Rxf1+ 31. Bxf1 Rd8 32. Ba5 Rc8 33. Bc4+ Kf8 34. Be6
Ra8 35. Qh5 1-0

[Event "España tch 1a Division Sur"]
[Site "Burguillos ESP"]
[Date "2007.08.22"]
[Round "1.32"]
[White "Gimeno Higueras, Roberto"]
[Black "Oms Pallise, Josep"]
[Result "1/2-1/2"]
[WhiteElo "2185"]
[BlackElo "2517"]
[PlyCount "163"]
[EventDate "2007.08.22"]
[EventType "team"]
[EventRounds "1"]
[EventCountry "ESP"]
[EventCategory "1"]
[Source "lmi"]
[SourceDate "2007.08.22"]

1. e4 c5 2. c3 d5 3. exd5 Qxd5 4. d4 Nf6 5. Nf3 e6 6. Na3 Qd8 7. Bg5 Nc6 8.
dxc5 Bxc5 9. Qxd8+ Kxd8 10. Nb5 Ke7 11. Rd1 h6 12. Bxf6+ gxf6 13. g3 Bd7 14.
Bg2 Rhd8 15. O-O Rac8 16. Rfe1 Be8 17. Rxd8 Rxd8 18. Nc7 Bb6 19. Nxe8 Kxe8 20.
Re2 Rd1+ 21. Re1 Rd7 22. Re2 Ne5 23. Nxe5 fxe5 24. Kf1 f6 25. Ke1 Kf7 26. Re4
Bc5 27. Rh4 Bf8 28. Ra4 a6 29. Rc4 f5 30. Rc8 e4 31. h3 h5 32. g4 Bh6 33. gxf5
exf5 34. h4 Re7 35. Rd8 f4 36. Rd5 f3 37. Bh3 Bc1 38. Kd1 Bxb2 39. Kc2 Ba3 40.
Rxh5 Kg6 41. Rg5+ Kh6 42. Bg4 b6 43. Rh5+ Kg6 44. Rg5+ Kf6 45. Rf5+ Kg7 46. Kd2
Bc5 47. Rg5+ Kf7 48. Rf5+ Ke8 49. Ke1 Bd6 50. Kd2 Kd8 51. h5 Rg7 52. Bh3 Bc5
53. h6 Rh7 54. Rd5+ Kc7 55. Bf5 e3+ 56. fxe3 Rxh6 57. Bg4 Rh2+ 58. Kd3 f2 59.
Be2 Rh3 60. Re5 Kd6 61. Re4 b5 62. Bf1 Rh2 63. Rg4 Ba3 64. Rg6+ Kc5 65. Rxa6
Bb2 66. Rg6 Rh1 67. Rg5+ Kb6 68. Ke2 Bxc3 69. Kxf2 b4 70. Bc4 Rh8 71. e4 Re8
72. Ke3 Be5 73. Kd3 Re7 74. Bd5 Kc5 75. Rg8 Bc7 76. Rc8 Rg7 77. Bb3 Rg3+ 78.
Ke2 Kb6 79. Re8 Bf4 80. e5 Re3+ 81. Kf2 Rxe5 82. Rxe5 1/2-1/2

[Event "España tch 1a Division Sur"]
[Site "Burguillos ESP"]
[Date "2007.08.22"]
[Round "1.33"]
[White "Baches Garcia, Guillermo"]
[Black "Grau Dominguez, Enric"]
[Result "1-0"]
[WhiteElo "2373"]
[BlackElo "2201"]
[PlyCount "71"]
[EventDate "2007.08.22"]
[EventType "team"]
[EventRounds "1"]
[EventCountry "ESP"]
[EventCategory "1"]
[Source "lmi"]
[SourceDate "2007.08.22"]

1. e4 e6 2. Nf3 d5 3. exd5 exd5 4. d4 Bg4 5. h3 Bh5 6. Qe2+ Qe7 7. Be3 Nc6 8.
Nc3 O-O-O 9. g4 Bg6 10. O-O-O f5 11. Bg2 fxg4 12. hxg4 Nf6 13. Nh4 Bf7 14. g5
Ne4 15. Nxe4 dxe4 16. Qg4+ Qe6 17. Qxe6+ Bxe6 18. Ng6 Rg8 19. Nxf8 Rgxf8 20.
Bxe4 Nb4 21. Rxh7 Rd7 22. a3 Nd5 23. Rdh1 c6 24. Rh8 Rdd8 25. Rxf8 Rxf8 26. Rh7
Rf7 27. Kd2 Kc7 28. b3 b5 29. Bd3 Kb6 30. g6 Re7 31. c4 bxc4 32. bxc4 Nxe3 33.
fxe3 Ka5 34. Rh5+ Ka4 35. Bc2+ Kxa3 36. Kc3 1-0

[Event "España tch 1a Division Sur"]
[Site "Burguillos ESP"]
[Date "2007.08.22"]
[Round "1.34"]
[White "Vilanova Corbi, Jorge"]
[Black "Oussama, Omar"]
[Result "1/2-1/2"]
[WhiteElo "2125"]
[BlackElo "2330"]
[PlyCount "80"]
[EventDate "2007.08.22"]
[EventType "team"]
[EventRounds "1"]
[EventCountry "ESP"]
[EventCategory "1"]
[Source "lmi"]
[SourceDate "2007.08.22"]

1. d4 Nf6 2. c4 c5 3. Nf3 cxd4 4. Nxd4 e5 5. Nb5 d5 6. cxd5 Bc5 7. e3 O-O 8.
N5c3 e4 9. Be2 Bf5 10. Nd2 Qe7 11. a3 Rd8 12. b4 Bd6 13. Nc4 Na6 14. Bb2 Nc7
15. h3 Nfxd5 16. Nxd5 Nxd5 17. Nxd6 Rxd6 18. Qd4 Nf6 19. Qe5 Be6 20. Rd1 Rad8
21. O-O h6 22. Rxd6 Qxd6 23. Qxd6 Rxd6 24. Bd4 Nd5 25. Bxa7 Nc3 26. Re1 Nxe2+
27. Rxe2 Ra6 28. Bc5 Rxa3 29. Rd2 Bc4 30. Rd8+ Kh7 31. Rd7 b5 32. Ra7 Rd3 33.
Kh2 Rd2 34. Kg3 h5 35. h4 Rd1 36. Re7 Rg1 37. Kh2 Rf1 38. Kg3 Be6 39. Rb7 Bc4
40. Re7 Be6 1/2-1/2

[Event "España tch 1a Division Sur"]
[Site "Burguillos ESP"]
[Date "2007.08.22"]
[Round "1.41"]
[White "Trujillo Delgado, Dafnae"]
[Black "Conquest, Stuart C"]
[Result "0-1"]
[WhiteElo "2238"]
[BlackElo "2546"]
[PlyCount "63"]
[EventDate "2007.08.22"]
[EventType "team"]
[EventRounds "1"]
[EventCountry "ESP"]
[EventCategory "1"]
[Source "lmi"]
[SourceDate "2007.08.22"]
[WhiteTeam "Akfur Bubake"]
[BlackTeam "Oberena"]

1. e4 c5 2. Nf3 Nc6 3. d4 cxd4 4. Nxd4 Qb6 5. Nb3 Nf6 6. Nc3 e6 7. Be3 Qc7 8.
f4 d6 9. Qf3 a6 10. O-O-O Be7 11. g4 b5 12. g5 Nd7 13. f5 b4 14. fxe6 fxe6 15.
Ne2 Nde5 16. Qg3 O-O 17. Nf4 Bd7 18. Bh3 Kh8 19. Nxe6 Qc8 20. Nxf8 Bxh3 21.
Nxh7 Kxh7 22. Rhg1 Qe6 23. g6+ Kg8 24. Nd4 Nxd4 25. Bxd4 Rf8 26. Bxe5 dxe5 27.
Rd5 Rf4 28. Qd3 Bg4 29. h3 Bxh3 30. Qb3 Kf8 31. Rxe5 Qxb3 32. axb3 0-1

[Event "España tch 1a Division Sur"]
[Site "Burguillos ESP"]
[Date "2007.08.22"]
[Round "1.42"]
[White "De La Villa Garcia, Jesus Maria"]
[Black "Hidalgo Santana, Fernando"]
[Result "1-0"]
[WhiteElo "2457"]
[BlackElo "2197"]
[PlyCount "43"]
[EventDate "2007.08.22"]
[EventType "team"]
[EventRounds "1"]
[EventCountry "ESP"]
[EventCategory "1"]
[Source "lmi"]
[SourceDate "2007.08.22"]
[WhiteTeam "Oberena"]
[BlackTeam "Akfur Bubake"]

1. e4 d6 2. d4 Nf6 3. Nc3 g6 4. Bg5 Bg7 5. e5 Nfd7 6. exd6 cxd6 7. Qd2 Nf6 8.
O-O-O O-O 9. Bh6 Re8 10. h4 Bh8 11. h5 a6 12. hxg6 fxg6 13. Qg5 Nc6 14. Nf3 Qc7
15. Bd3 Kf7 16. Qg3 e6 17. Bf4 e5 18. Nd5 Nxd5 19. Rxh7+ Bg7 20. Qxg6+ Kf8 21.
Bh6 Qf7 22. Bxg7+ 1-0

[Event "España tch 1a Division Sur"]
[Site "Burguillos ESP"]
[Date "2007.08.22"]
[Round "1.44"]
[White "Navarro Cia, Miguel"]
[Black "Henriquez Garcia, David"]
[Result "1-0"]
[WhiteElo "2356"]
[BlackElo "2158"]
[PlyCount "59"]
[EventDate "2007.08.22"]
[EventType "team"]
[EventRounds "1"]
[EventCountry "ESP"]
[EventCategory "1"]
[Source "lmi"]
[SourceDate "2007.08.22"]
[WhiteTeam "Oberena"]
[BlackTeam "Cotelec"]

1. e4 d6 2. d4 Nf6 3. Nc3 g6 4. Bg5 Bg7 5. f4 O-O 6. Qd2 c6 7. Bd3 b5 8. Nf3
Bb7 9. e5 Ne8 10. O-O f6 11. Bh4 dxe5 12. dxe5 Nd7 13. exf6 exf6 14. f5 g5 15.
Bf2 Nc7 16. Rad1 g4 17. Nd4 Ne5 18. Be4 Qc8 19. Nb3 Rd8 20. Qf4 Nd5 21. Bxd5+
cxd5 22. Nd4 b4 23. Nce2 Ba6 24. Rfe1 Re8 25. Ng3 Kf7 26. Nh5 Qd7 27. Ne6 Rxe6
28. fxe6+ Qxe6 29. Bd4 Re8 30. Rxe5 1-0

[Event "España tch 1a Division Sur"]
[Site "Burguillos ESP"]
[Date "2007.08.22"]
[Round "1.51"]
[White "Andres Gonzalez, Ivan"]
[Black "Fernandez Gutierrez, Rafael"]
[Result "1/2-1/2"]
[WhiteElo "2392"]
[BlackElo "2245"]
[PlyCount "78"]
[EventDate "2007.08.22"]
[EventType "team"]
[EventRounds "1"]
[EventCountry "ESP"]
[EventCategory "1"]
[Source "lmi"]
[SourceDate "2007.08.22"]
[WhiteTeam "Universidad Oviedo"]
[BlackTeam "Cajagranada"]

1. Nf3 Nf6 2. c4 c5 3. g3 b6 4. Bg2 Bb7 5. Nc3 g6 6. O-O Bg7 7. d3 O-O 8. Bg5
h6 9. Bd2 d6 10. a3 Nc6 11. Rb1 e6 12. b4 Qe7 13. e3 Rfd8 14. Qe2 Rac8 15. Rfc1
Nd7 16. Ne1 Nf6 17. Nc2 Nb8 18. e4 Nc6 19. Re1 Kh7 20. h3 Re8 21. f4 Nh5 22.
Kh2 Qd7 23. Bf3 Nf6 24. Qg2 Ng8 25. g4 Nce7 26. Rbd1 Ba8 27. Ne3 Nc6 28. Ne2
Nd4 29. b5 Nxf3+ 30. Qxf3 f5 31. Ng3 Rf8 32. gxf5 exf5 33. Nd5 Bxd5 34. exd5
Rce8 35. a4 Rxe1 36. Rxe1 Re8 37. a5 Rxe1 38. Bxe1 Qe7 39. Bd2 Nf6 1/2-1/2

[Event "España tch 1a Division Sur"]
[Site "Burguillos ESP"]
[Date "2007.08.22"]
[Round "1.52"]
[White "Borrego Mata, Enrique"]
[Black "Gonzalez Menendez, Ivan"]
[Result "0-1"]
[WhiteElo "2193"]
[BlackElo "2388"]
[PlyCount "64"]
[EventDate "2007.08.22"]
[EventType "team"]
[EventRounds "1"]
[EventCountry "ESP"]
[EventCategory "1"]
[Source "lmi"]
[SourceDate "2007.08.22"]
[WhiteTeam "CajaGranada"]
[BlackTeam "Universidad de Oviedo"]

1. e4 e6 2. d4 d5 3. e5 c5 4. c3 Nc6 5. Nf3 Nh6 6. Nbd2 cxd4 7. cxd4 Nf5 8. Nb3
Qb6 9. Be2 a5 10. a4 Bb4+ 11. Kf1 O-O 12. g4 Nfe7 13. Kg2 f6 14. Be3 fxe5 15.
Nxe5 Bd6 16. Qd3 Bxe5 17. dxe5 Qb4 18. Bc5 Qf4 19. Qg3 Qe4+ 20. Bf3 Qc4 21. Bd1
Rf7 22. Rc1 Qe4+ 23. f3 Qxe5 24. Qxe5 Nxe5 25. Be2 N7g6 26. Rc3 Bd7 27. Nd4 Nc6
28. Re1 Nxd4 29. Bxd4 e5 30. Bb6 Bxa4 31. Rc5 Bc6 32. Bd1 Nf4+ 0-1

[Event "España tch 1a Division Sur"]
[Site "Burguillos ESP"]
[Date "2007.08.22"]
[Round "1.53"]
[White "Suarez Real, Alberto"]
[Black "Robles Garcia, Claudia"]
[Result "1-0"]
[WhiteElo "2386"]
[BlackElo "2167"]
[PlyCount "109"]
[EventDate "2007.08.22"]
[EventType "team"]
[EventRounds "1"]
[EventCountry "ESP"]
[EventCategory "1"]
[Source "lmi"]
[SourceDate "2007.08.22"]
[WhiteTeam "Universidad Oviedo"]
[BlackTeam "Cajagranada"]

1. e4 c5 2. Nf3 d6 3. d4 cxd4 4. Nxd4 Nf6 5. Nc3 a6 6. Bg5 e6 7. f4 Qb6 8. Qd2
Qxb2 9. Nb3 Qa3 10. Bxf6 gxf6 11. Be2 Nc6 12. O-O Bd7 13. Bh5 Na5 14. f5 Nxb3
15. cxb3 Qc5+ 16. Kh1 Bc6 17. Na4 Qe5 18. Nb6 Rd8 19. Nc4 Qb5 20. a4 Qc5 21.
Rac1 Bxe4 22. Qe2 Bxf5 23. b4 Qd5 24. Bf3 Bd3 25. Qe3 Bh6 26. Qxh6 Qg5 27. Qxg5
fxg5 28. Bxb7 Bxf1 29. Rxf1 Rb8 30. Rb1 d5 31. Na5 Kd7 32. Bxa6 e5 33. Bb7 Kd6
34. Rc1 d4 35. Rc6+ Kd7 36. Rc5 Ke6 37. Bd5+ Kd6 38. Nc4+ Ke7 39. Rc7+ Kd8 40.
Rxf7 Rxb4 41. h3 Re8 42. a5 Re7 43. Rf5 d3 44. a6 Ra4 45. Nxe5 d2 46. Bf3 Rxa6
47. Kh2 Kc7 48. Nc4 Rd7 49. Ne3 Rad6 50. Rxg5 Rd3 51. Nd1 Re7 52. Rh5 Kd6 53.
Nb2 Rd4 54. Kg3 Rb7 55. Bxb7 1-0

[Event "España tch 1a Division Sur"]
[Site "Burguillos ESP"]
[Date "2007.08.22"]
[Round "1.54"]
[White "Cabrera Ruiz, Luis"]
[Black "Recuero Guerra, David"]
[Result "1/2-1/2"]
[WhiteElo "2153"]
[BlackElo "2378"]
[PlyCount "42"]
[EventDate "2007.08.22"]
[EventType "team"]
[EventRounds "1"]
[EventCountry "ESP"]
[EventCategory "1"]
[Source "lmi"]
[SourceDate "2007.08.22"]
[WhiteTeam "CajaGranada"]
[BlackTeam "Universidad de Oviedo"]

1. e4 c5 2. c4 Nc6 3. Ne2 e6 4. Nbc3 Nf6 5. d4 cxd4 6. Nxd4 Bb4 7. Nxc6 dxc6 8.
Qxd8+ Kxd8 9. Bg5 e5 10. f4 exf4 11. e5 h6 12. O-O-O+ Kc7 13. Bxf4 Nh5 14. Bd2
Bg4 15. Be2 Bxe2 16. Nxe2 Bxd2+ 17. Rxd2 g6 18. Rf1 Rhf8 19. Nd4 Rae8 20. Rdf2
Re7 21. e6 f5 1/2-1/2

[Event "España tch 1a Division Sur"]
[Site "Burguillos ESP"]
[Date "2007.08.22"]
[Round "1.61"]
[White "Escobar Dominguez, Daniel"]
[Black "Matamoros Franco, Carlos S"]
[Result "1/2-1/2"]
[WhiteElo "2320"]
[BlackElo "2528"]
[PlyCount "105"]
[EventDate "2007.08.22"]
[EventType "team"]
[EventRounds "1"]
[EventCountry "ESP"]
[EventCategory "1"]
[Source "lmi"]
[SourceDate "2007.08.22"]
[WhiteTeam "Shahmat"]
[BlackTeam "Laurus Ronda"]

1. e4 e6 2. d4 d5 3. Nc3 Nf6 4. Bg5 dxe4 5. Nxe4 Be7 6. Bxf6 Bxf6 7. Nf3 Nd7 8.
Bd3 c5 9. O-O cxd4 10. Nxf6+ Qxf6 11. Bb5 a6 12. Bxd7+ Bxd7 13. Qxd4 Qxd4 14.
Nxd4 O-O 15. Rfe1 Rfc8 16. Rad1 Be8 17. Rd2 a5 18. f4 Rc5 19. g3 h6 20. Kf2 b5
21. Re5 Rxe5 22. fxe5 b4 23. Rd3 Rc8 24. c3 Kh7 25. cxb4 axb4 26. a3 bxa3 27.
Rxa3 Rc4 28. Ke3 Rc5 29. Ke4 Bc6+ 30. Nxc6 Rxc6 31. Kd4 Rb6 32. b3 Rb5 33. Kc4
Rxe5 34. b4 Re2 35. b5 Rxh2 36. b6 Rc2+ 37. Rc3 Rd2 38. b7 Rd8 39. Kb5 Rb8 40.
Kb6 Kg6 41. Kc7 Re8 42. Kd7 Rb8 43. Kc7 Re8 44. b8=Q Rxb8 45. Kxb8 Kf5 46. Kc7
Kg4 47. Kd6 g5 48. Ke5 h5 49. Kf6 h4 50. gxh4 gxh4 51. Kxf7 h3 52. Kxe6 h2 53.
Rc1 1/2-1/2

[Event "España tch 1a Division Sur"]
[Site "Burguillos ESP"]
[Date "2007.08.22"]
[Round "1.62"]
[White "Alonso Garcia, Rene"]
[Black "Oñate Mendez, Elias"]
[Result "1-0"]
[WhiteElo "2384"]
[BlackElo "2191"]
[PlyCount "69"]
[EventDate "2007.08.22"]
[EventType "team"]
[EventRounds "1"]
[EventCountry "ESP"]
[EventCategory "1"]
[Source "lmi"]
[SourceDate "2007.08.22"]
[WhiteTeam "Laurus Ronda"]
[BlackTeam "Shahmat"]

1. d4 Nf6 2. Nf3 c5 3. d5 e6 4. Nc3 b5 5. dxe6 fxe6 6. Nxb5 d5 7. e3 a6 8. Nc3
Be7 9. g3 O-O 10. Bg2 Ra7 11. O-O Rd7 12. Ne5 Rd6 13. e4 a5 14. exd5 exd5 15.
Bf4 Bf5 16. Re1 h6 17. g4 Bh7 18. Bg3 Na6 19. Nd3 c4 20. Nf4 Nb4 21. Rc1 Qd7
22. a3 d4 23. Nb5 Qxb5 24. Rxe7 Nc6 25. Re6 Rfd8 26. Rxd6 Rxd6 27. Nh5 Rd7 28.
Nxf6+ gxf6 29. a4 Qa6 30. Qd2 Kg7 31. Re1 d3 32. Re6 c3 33. bxc3 Ne5 34. Rxa6
dxc2 35. Qxd7+ 1-0

[Event "España tch 1a Division Sur"]
[Site "Burguillos ESP"]
[Date "2007.08.22"]
[Round "1.63"]
[White "Urbina Perez, Juan Antonio"]
[Black "Perez Pardo, Juan Carlos"]
[Result "1/2-1/2"]
[WhiteElo "2163"]
[BlackElo "2327"]
[PlyCount "124"]
[EventDate "2007.08.22"]
[EventType "team"]
[EventRounds "1"]
[EventCountry "ESP"]
[EventCategory "1"]
[Source "lmi"]
[SourceDate "2007.08.22"]
[WhiteTeam "Laurus Ronda"]
[BlackTeam "Shahmat"]

1. e4 e5 2. Nf3 Nc6 3. Bb5 Nf6 4. O-O d6 5. Qe2 Be7 6. c3 O-O 7. d4 exd4 8.
cxd4 Bg4 9. Rd1 d5 10. Bxc6 bxc6 11. Nc3 dxe4 12. Nxe4 Re8 13. h3 Bh5 14. Re1
Bxf3 15. Qxf3 Qxd4 16. Nc3 Nd5 17. Rd1 Bd6 18. Be3 Qe5 19. Nxd5 cxd5 20. Qxd5
Qxb2 21. Bc5 Rad8 22. Bxd6 Rxd6 23. Qc4 Qe5 24. Rab1 g6 25. Rxd6 cxd6 26. Rb7
Qe1+ 27. Qf1 Qd2 28. Qc4 d5 29. Qb4 Re1+ 30. Kh2 Qxb4 31. Rxb4 Re2 32. Ra4 Rxf2
33. Rxa7 Kg7 34. Kg3 Rd2 35. Ra6 h5 36. h4 Kf8 37. Ra7 Ke8 38. Kf3 Rd4 39. g3
Re4 40. a4 Kf8 41. a5 Ra4 42. Ke3 Kg7 43. Ra6 Ra3+ 44. Kf4 f6 45. Ra7+ Kh6 46.
a6 g5+ 47. hxg5+ fxg5+ 48. Kf5 Rxg3 49. Ra8 Rf3+ 50. Ke5 Kg7 51. Rb8 Re3+ 52.
Kf5 Ra3 53. Rb7+ Kh6 54. Rb6+ Kg7 55. Kxg5 Kf7 56. Kf5 Ke7 57. Ke5 Kd7 58. Rh6
Ra5 59. Kd4 Kc7 60. Rxh5 Ra4+ 61. Kc5 Ra5+ 62. Kb4 Rxa6 1/2-1/2

[Event "España tch 1a Division Sur"]
[Site "Burguillos ESP"]
[Date "2007.08.22"]
[Round "1.64"]
[White "Naranjo Moreno, Antonio"]
[Black "Fernandez Garcia, Jose Miguel"]
[Result "1-0"]
[WhiteElo "2240"]
[BlackElo "2036"]
[PlyCount "49"]
[EventDate "2007.08.22"]
[EventType "team"]
[EventRounds "1"]
[EventCountry "ESP"]
[EventCategory "1"]
[Source "lmi"]
[SourceDate "2007.08.22"]
[WhiteTeam "Laurus Ronda"]
[BlackTeam "Shajmat"]

1. e4 Nf6 2. e5 Nd5 3. d4 d6 4. c4 Nb6 5. exd6 exd6 6. Be3 Be7 7. Qf3 Nc6 8.
Nc3 O-O 9. O-O-O a5 10. c5 Nd7 11. Bb5 Nf6 12. h3 Bd7 13. Nge2 Qc8 14. g4 h6
15. Rhe1 dxc5 16. dxc5 Ne5 17. Qf4 Ng6 18. Qa4 c6 19. Bd3 Ne5 20. Bb1 Nf3 21.
Rh1 Nh4 22. Rhg1 Nd5 23. Qe4 f5 24. Nxd5 Bd8 25. Ne7+ 1-0

[Event "España tch 1a Division Sur"]
[Site "Burguillos ESP"]
[Date "2007.08.22"]
[Round "1.71"]
[White "Landa, Konstantin"]
[Black "Fenollar Jorda, Manuel"]
[Result "1-0"]
[WhiteElo "2669"]
[BlackElo "2267"]
[PlyCount "71"]
[EventDate "2007.08.22"]
[EventType "team"]
[EventRounds "1"]
[EventCountry "ESP"]
[EventCategory "1"]
[Source "lmi"]
[SourceDate "2007.08.22"]
[WhiteTeam "Isla Bonita"]
[BlackTeam "Oliva"]

1. e4 d5 2. exd5 Qxd5 3. Nc3 Qa5 4. d4 c6 5. Nf3 Bf5 6. Bc4 e6 7. Bd2 Nf6 8.
Nd5 Qd8 9. Nxf6+ Qxf6 10. Qe2 Bg4 11. d5 Bxf3 12. gxf3 cxd5 13. Bxd5 Nd7 14.
O-O-O O-O-O 15. Be4 Qe5 16. f4 Qc7 17. f5 exf5 18. Bxf5 Bd6 19. Bc3 Rhe8 20.
Bxd7+ Qxd7 21. Qc4+ Kb8 22. Bxg7 Qf5 23. Bd4 Bxh2 24. Be3 Bc7 25. Qh4 Rxd1+ 26.
Rxd1 h5 27. Qa4 Re4 28. Qxa7+ Kc8 29. Qa8+ Bb8 30. Qa3 Re8 31. Rd4 Qb5 32. Qc3+
Bc7 33. Bf4 Re7 34. Rc4 Kb8 35. Bxc7+ Rxc7 36. Qh8+ 1-0